Kinh tế vĩ mô

保存先:
書誌詳細
第一著者: Dương, Tấn Diệp
フォーマット: 図書
言語:Undetermined
出版事項: Hà Nội Thống kê 1994
主題:
タグ: タグ追加
タグなし, このレコードへの初めてのタグを付けませんか!
Thư viện lưu trữ: Trung tâm Học liệu Trường Đại học Cần Thơ
LEADER 00499nam a2200181Ia 4500
001 CTU_23702
008 210402s9999 xx 000 0 und d
082 |a 339 
082 |b D307 
100 |a Dương, Tấn Diệp 
245 0 |a Kinh tế vĩ mô 
245 0 |c Dương Tấn Diệp 
260 |a Hà Nội 
260 |b Thống kê 
260 |c 1994 
650 |a macroeconomics 
904 |i Phượng, 980512 
980 |a Trung tâm Học liệu Trường Đại học Cần Thơ